| 000 | 00725nam a2200289 a 4500 | ||
|---|---|---|---|
| 001 | BS0002300 | ||
| 003 | BR-BrBNA | ||
| 005 | 20230418192007.0 | ||
| 008 | 230308b |||||||| |||| 00| 0 por d | ||
| 040 |
_aBR-BrBNA _bpor _cBiblioteca Nacional de Agricultura |
||
| 041 | _apor | ||
| 072 | _aB52 | ||
| 090 | _aB52 BS0002300 | ||
| 100 | 1 | _aDimenstein, G. | |
| 100 | 1 | _aNegreiros, J. | |
| 100 | 1 | _aNoblat, R. | |
| 100 | 1 | _aLopes, R. | |
| 100 | 1 | _aFernandes, R. | |
| 245 | 1 | _aO complô que elegeu Tancredo / | |
| 260 | 3 |
_aRio de Janeiro, RJ: _bEditora JB, _c1985. |
|
| 300 | _a248 p. | ||
| 650 | _aPOLÍTICA | ||
| 650 | _aGOVERNO | ||
| 650 | _aELEIÇÃO | ||
| 909 |
_a202304 _bSergio Santos _c56 _dSergio Santos |
||
| 942 | _cBK | ||
| 999 |
_c7359 _d7359 |
||